000 04934nab a2200409 4500
003 BR-BrBNA
005 20250825115102.0
008 250825b2022 bl.tr|pooa||| 00| 0 por |
040 _aBR-BrBNA
_bpor
072 _aF01 ; H20
_b3930 ; 1112
100 _aVieira, Lara Cristine da Silva
100 _aBorges, Cristine Vanz
100 _aCosta, Shirley Nascimento
100 _aGonçalves, Zalmar Santana
100 _aPereira, Bruno Laecio da Silva
100 _aHaddad, Fernando
245 _aBiocontrole de Fusarium oxysporum f. sp. cubense por Pseudomonas spp. em banana “Prata anã”
500 _aSummaries (En, Pt); 27 ref.; 2 illus.; 3 tables
520 _aFusarium oxysporum f. sp. cubense biocontrol mediated by Pseudomonas spp. in Prata-Anã banana. The banana tree is cultivated in the main countries of the world, including Brazil. This crop presents several phytosanitary problems, especially the Fusarium wilt caused by the fungus Fusarium oxysporum f. sp. cubense (Foc). The use of microorganisms such as Pseudomonas has been an alternative for the biocontrol of phytopathogens. In order to investigate the control capacity of rhizobacteria of the genus Pseudomonasin relation to the activity of the fungus Fusarium oxysporumf. sp. cubense (Foc), two experiments were carried out under greenhouse conditions. The design was completely randomized (DIC) with three treatments, three controls and 10 replications. The treatments of the first experiment consisted of applying Pseudomonas spp. on the substrate, with the addition of Foc with and without a time interval. After inoculation period in the substrate infested by Foc and Pseudomonas, banana seedlings were planted in tubes. In the second experiment, the application interval was the same as in the pre-inoculation experiment, but Fusariumwas inoculated first and then the bacteria and then transferred to the substrate. The use of Pseudomonas in different treatments, with time intervals, was not efficient to control Foc. It was observed that the disease index was less severe in the treatment without time interval for inoculation of Fusarium and Pseudomonas, being the best treatment for the biocontrol of Fusariumin banana plants of the cultivar Prata Anã. The use of bacteria of the genus Pseudomonasspp. is an economically viable alternative to control Fusarium Wilt. Keywords: biological control, banana, Panama diasease
520 _aA bananeira apresenta diversos problemas fitossanitários, tendo destaque a murcha de Fusarium causada pelo fungo Fusarium oxysporum f. sp. cubense (Foc). O uso de microrganismos como o Pseudomonas, tem sido uma alternativa para o biocontrole dos fitopatógenos. Com o objetivo de investigar a capacidade de controle da rizobactéria do gênero Pseudomonas em relação à atividade do fungo Fusarium oxysporum f. sp. cubense (Foc), foi realizado dois experimentos em condições de casa de vegetação. O delineamento foi inteiramente casualizados (DIC) com três tratamentos, três controles e 10 repetições. Os tratamentos do primeiro experimento consistiram em aplicar Pseudomonas spp.no substrato, com adição de Foc com e sem intervalo de tempo. Após período de inoculação no substrato infestado por Foc e Pseudomonas, realizou-se o plantio das mudas de bananeira nos tubetes. No segundo experimento, o intervalo de aplicações foi o mesmo do experimento de pré-inoculação, porém o Fusarium foi inoculado primeiro, posteriormente a bactéria e em seguida foram transferidos para o substrato. A utilização de Pseudomonas em tratamentos diferentes, com intervalo de tempo não foi eficiente para o controle do Foc. Observou-se que o índice de doença foi menos severo no tratamento sem intervalo de tempo para inoculação de Fusarium e Pseudomonas, sendo o melhor tratamento para o biocontrole do Fusarium em plantas de banana da cultivar Prata Anã. A utilização de bactérias do gênero Pseudomonas spp. é uma alternativa economicamente viável para controle da Murcha de Fusarium. Palavras-chaves: controle biológico, banana, Mal-do-Panamá
650 _aBANANA PRATA
650 _aFUSARIUM OXYSPORUM
650 _aFUNGO
650 _aMANCHA DE FUSARIUM
650 _aMAL DO PANAMÁ
650 _aDOENÇA DE PLANTA
650 _aCONTROLE BIOLÓGICO
650 _aINOCULAÇÃO
650 _aPSEUDOMONAS SPP
650 _aBACTÉRIA
650 _aCASA DE VEGETAÇÃO
650 _aESTUFA
773 0 _04944
_9346131
_dUniversidade Federal de Tocantins. Centro de Monitoramento Ambiental e Manejo do Fogo 2010
_o2024-6779
_tJournal of Biotechnology and Biodiversity (Brazil)
_x2179-4804
_gv. 10(1) p. 84-93; (2022)
_wBE2025002077
856 _uhttps://sistemas.uft.edu.br/periodicos/index.php/JBB/article/view/13335/19941
942 _cANA
999 _c337775
_d337775